| Tag |
First Indicator |
Second Indicator |
Subfields |
| LEADER |
00000cam a2200000 a 4500 |
| 001 |
in00002154331 |
| 006 |
m e d # |
| 007 |
cr mn mmmmabba |
| 008 |
830104s1793 riu s 000 0 eng d |
| 005 |
20260330192614.0 |
| 035 |
|
|
|z w012165
|
| 035 |
|
|
|a MAAR8301043602B
|
| 035 |
|
|
|9 mwa91-6704
|
| 035 |
|
|
|a 344919
|
| 035 |
|
|
|a aas03012165
|
| 040 |
|
|
|a MWA
|c MWA
|e bdrb
|d UtOrBLW
|
| 100 |
1 |
|
|a Smith, John,
|d 1749-1820.
|
| 245 |
1 |
2 |
|a A funeral sermon, occasioned by the death of Mrs. Mary Bowers :
|b the amiable and pious consort of Col. Jerathmeel Bowers, of Somerset. /
|c By John Smith, A.M. Pastor of the Church of Christ in Dighton. ; Published at the request of her connexions, desirous of preserving her memory and example. ; [Three lines of quotations].
|
| 264 |
|
1 |
|a Printed at Providence :
|b By Bennett Wheeler,
|c M,DCC,XCIII. [1793]
|
| 300 |
|
|
|a 24 pages ;
|c 19 cm. (octavo)
|
| 336 |
|
|
|a text
|b txt
|2 rdacontent
|
| 337 |
|
|
|a computer
|b c
|2 rdamedia
|
| 338 |
|
|
|a online resource
|b cr
|2 rdacarrier
|
| 500 |
|
|
|a Half-title: Mr. Smith's sermon, on the death of Mrs. Bowers.
|
| 510 |
4 |
|
|a Evans
|c 26173
|
| 510 |
4 |
|
|a Alden, J.E. Rhode Island,
|c 1340
|
| 530 |
|
|
|a Microform version available in the Readex Early American Imprints series.
|
| 533 |
|
|
|a Electronic text and image data.
|b [Chester, Vt. :
|c Readex, a division of Newsbank, Inc.,
|d 2002-2004.
|e Includes files in TIFF, GIF and PDF formats with inclusion of keyword searchable text.
|f (Early American imprints. First series ; no. 26173).
|
| 500 |
|
|
|a Electronic resource.
|
| 600 |
1 |
0 |
|a Bowers, Mary,
|d -1793.
|
| 655 |
|
7 |
|a Funeral sermons
|y 1793.
|2 rbgenr
|
| 752 |
|
|
|a United States
|b Rhode Island
|d Providence.
|
| 830 |
|
0 |
|a Early American imprints.
|n Series I,
|p Evans (1639-1800) ;
|v no. 26173.
|
| 856 |
4 |
1 |
|u http://proxy.library.tamu.edu/login?url=https://opac.newsbank.com/select/evans/26173
|y Evans Digital Edition
|t 0
|
| 999 |
|
|
|a MARS
|
| 999 |
f |
f |
|s d1424bc3-2a63-3d09-b5ec-73ebb4cb7a95
|i 1b0668f8-0ae2-38f3-95d8-46b0e881903f
|t 0
|
| 952 |
f |
f |
|a Texas A&M University
|b College Station
|c Electronic Resources
|s www_evans
|d Available Online
|t 0
|h No information provided
|
| 998 |
f |
f |
|t 0
|l Available Online
|